|
|
|
|
| LEADER |
01150nam a2200277 a 4500 |
| 001 |
1049461 |
| 008 |
100406s1980 ii a b i000 0 eng d |
| 010 |
|
|
|a \\\89903575
|
| 082 |
0 |
4 |
|a 332.095
|2 19
|
| 040 |
|
|
|a DLC
|c DLC
|d DLC
|d BD-DhAAL
|
| 245 |
0 |
0 |
|a Readings on poverty, politics, and development /
|c edited by Kamla Bhasin, Vimala R.
|
| 260 |
|
|
|a New Delhi :
|b Freedom from Hunger Campaign, Action for Development, Food and Agricultural Organization of the United Nations,
|c 1980.
|
| 300 |
|
|
|a 266 p. :
|b ill. ;
|c 27 cm.
|
| 504 |
|
|
|a Includes bibliographies.
|
| 541 |
1 |
|
|e 00000119
|
| 650 |
|
0 |
|a Poor
|z Asia.
|
| 650 |
|
0 |
|a Rural development
|z Asia.
|
| 651 |
|
0 |
|a Asia
|x Rural conditions.
|
| 700 |
1 |
|
|a Bhasin, Kamla,
|d 1946-
|
| 700 |
0 |
|
|a Vimala R.
|
| 710 |
2 |
|
|a Freedom from Hunger Campaign.
|
| 710 |
2 |
|
|a Action for Development.
|
| 710 |
2 |
|
|a Food and Agriculture Organization of the United Nations.
|
| 852 |
4 |
|
|a Ayesha Abed Library
|j General Shelf
|
| 999 |
|
|
|c 7984
|d 7984
|
| 952 |
|
|
|0 0
|1 0
|2 ddc
|4 0
|6 332_095000000000000_REA_1980
|7 0
|9 9019
|a BRACUL
|b BRACUL
|c GEN
|d 2010-04-06
|g 0.00
|l 0
|o 332.095 REA
|p 3010000119
|r 2010-04-06
|t 1
|w 2010-04-06
|y BK
|x Not price in Register
|